Normal view
MARC view
- الاختبارات النفسية
Entry Topical Term
001 - CONTROL NUMBER
- control field: 34991
003 - CONTROL NUMBER IDENTIFIER
- control field: JO-AjAnu
005 - DATE AND TIME OF LATEST TRANSACTION
- control field: 20230606075845.0
008 - FIXED-LENGTH DATA ELEMENTS
- fixed length control field: 230606|| aca||aabn | a|a d
040 ## - CATALOGING SOURCE
- Original cataloging agency: JO-AjAnu
- Transcribing agency: JO-AjAnu
150 ## - HEADING--TOPICAL TERM
- Topical term or geographic name entry element: الاختبارات النفسية
670 ## - SOURCE DATA FOUND
- Source citation: Work cat.: (JO-AjAnu)17969: السرطاوي، زيدان احمد ، الشخص، عبد العزيز السيد/إعداد, author 34990, بطارية قياس الضغوط النفسية وأساليب المواجهة والاحتياجات لأولياء امور المعوقين (دليل المقاييس)